<?xml version="1.0" encoding="UTF-8"?>
<record
    xmlns:xsi="http://www.w3.org/2001/XMLSchema-instance"
    xsi:schemaLocation="http://www.loc.gov/MARC21/slim http://www.loc.gov/standards/marcxml/schema/MARC21slim.xsd"
    xmlns="http://www.loc.gov/MARC21/slim">

  <leader>00713nam a22001937a 4500</leader>
  <datafield tag="999" ind1=" " ind2=" ">
    <subfield code="c">195801</subfield>
    <subfield code="d">195801</subfield>
  </datafield>
  <controlfield tag="005">20230428114845.0</controlfield>
  <datafield tag="010" ind1=" " ind2=" ">
    <subfield code="a">ENG-136713</subfield>
  </datafield>
  <datafield tag="020" ind1=" " ind2=" ">
    <subfield code="c">241.00</subfield>
    <subfield code="a">9789322008819</subfield>
  </datafield>
  <datafield tag="035" ind1=" " ind2=" ">
    <subfield code="a">EN-120245</subfield>
  </datafield>
  <datafield tag="037" ind1=" " ind2=" ">
    <subfield code="b">DBAD/PUB</subfield>
  </datafield>
  <datafield tag="082" ind1=" " ind2=" ">
    <subfield code="a">338.160954</subfield>
  </datafield>
  <datafield tag="100" ind1=" " ind2=" ">
    <subfield code="a">Hariharan,C</subfield>
  </datafield>
  <datafield tag="245" ind1=" " ind2=" ">
    <subfield code="a">Make Millions From Agriculture :</subfield>
    <subfield code="b">By C Hariharan And Foreword By M.S Swaminathan</subfield>
    <subfield code="c">Limited TIme, Little Space /</subfield>
  </datafield>
  <datafield tag="260" ind1=" " ind2=" ">
    <subfield code="a">New Delhi</subfield>
    <subfield code="b">Konark Publishers Pvt Ltd</subfield>
    <subfield code="c">2017</subfield>
  </datafield>
  <datafield tag="270" ind1=" " ind2=" ">
    <subfield code="b">New Delhi</subfield>
    <subfield code="e">110049</subfield>
    <subfield code="a">206, First Floor Peacock Lane, Shahpur Jat</subfield>
    <subfield code="k">+91-11-41055065</subfield>
    <subfield code="k">+91-11-65254972</subfield>
    <subfield code="m">india@konarkpublishers.com</subfield>
  </datafield>
  <datafield tag="300" ind1=" " ind2=" ">
    <subfield code="a">158p.;</subfield>
    <subfield code="c">22cm(pbk)</subfield>
  </datafield>
  <datafield tag="700" ind1=" " ind2=" ">
    <subfield code="a">Swaminathan, M.S </subfield>
  </datafield>
  <datafield tag="942" ind1=" " ind2=" ">
    <subfield code="2">ddc</subfield>
    <subfield code="c">EN</subfield>
    <subfield code="m">HAR</subfield>
    <subfield code="h">338.160954</subfield>
  </datafield>
  <datafield tag="952" ind1=" " ind2=" ">
    <subfield code="0">0</subfield>
    <subfield code="1">0</subfield>
    <subfield code="4">0</subfield>
    <subfield code="7">0</subfield>
    <subfield code="8">NFIC</subfield>
    <subfield code="a">BL4</subfield>
    <subfield code="b">BL4</subfield>
    <subfield code="d">2023-04-28</subfield>
    <subfield code="e">DBAD/PUB</subfield>
    <subfield code="g">241.00</subfield>
    <subfield code="l">0</subfield>
    <subfield code="o">338.160954 HAR</subfield>
    <subfield code="p">EN-120245</subfield>
    <subfield code="r">2023-04-28 00:00:00</subfield>
    <subfield code="t">1</subfield>
    <subfield code="v">241.00</subfield>
    <subfield code="y">EN</subfield>
  </datafield>
</record>
